Cultural transmission and evolution : a quantitative approach /

Bibliographic Details
Main Author: Cavalli-Sforza, L. L. (Luigi Luca), 1922-2018
Other Authors: Feldman, Marcus W.
Format: Book
Language:English
Published: Princeton, N.J. : Princeton University Press, 1981.
Series:Monographs in population biology ; 16.
Subjects:

MARC

Tag First Indicator Second Indicator Subfields
LEADER 00000cam a22000008a 4500
001 in00000082935
005 20190914063129.0
008 800926s1981 njua b 00110 engm
010 |a  80008539  
020 |a 0691082804 :  |c $20.00 
020 |a 0691082839 (pbk.) :  |c $8.95 
035 |a (OCoLC)06863128 
035 |9 AAJ0176AM 
040 |a DLC  |c DLC  |d m.c.  |d TXA  |d UtOrBLW 
049 |a TXAM  |c [1672393] 
050 0 0 |a GN360  |b .C38 
082 0 |a 306  |2 19 
100 1 |a Cavalli-Sforza, L. L.  |q (Luigi Luca),  |d 1922-2018. 
245 1 0 |a Cultural transmission and evolution :  |b a quantitative approach /  |c L.L. Cavalli-Sforza and M.W. Feldman. 
263 |a 8102 
264 1 |a Princeton, N.J. :  |b Princeton University Press,  |c 1981. 
300 |a xiv, 388 pages :  |b illustrations ;  |c 23 cm. 
336 |a text  |b txt  |2 rdacontent 
337 |a unmediated  |b n  |2 rdamedia 
338 |a volume  |b nc  |2 rdacarrier 
490 1 |a Monographs in population biology ;  |v 16 
500 |a Includes index. 
504 |a Bibliography: pages 367-382. 
650 0 |a Social evolution. 
650 0 |a Social evolution  |x Mathematical models. 
700 1 |a Feldman, Marcus W. 
830 0 |a Monographs in population biology ;  |v 16. 
999 |a MARS 
999 f f |s e1b98b3a-fb26-39e8-9220-38ab2270cb0d  |i 5b8c52f0-96a5-3b17-8ee5-727c5da2bfc6  |t 0 
952 f f |p normal  |a Texas A&M University  |b College Station  |c Sterling C. Evans Library  |d Evans: Library Stacks  |t 0  |e GN360 .C38  |h Library of Congress classification  |i unmediated -- volume  |m A14806114309 
998 f f |a GN360 .C38  |t 0  |l Evans: Library Stacks